000 00570 a2200205 4500
005 20251227121931.0
008 251227b |||||||| |||| 00| 0 eng d
020 _a9789348491626
_cRs. 750.00
040 _aMAIN
082 _a371.9
_bY11I
100 _aYadav, Priyanka
245 _aIntroduction to education of students with disabilities
260 _bKanishka Publishers, Distributors
_c2025
_aNew Delhi
300 _axiii, 234
650 _aEducation
650 _aSpecial Education
650 _aDisability
700 _aSharma, Madhavi, ed.
942 _cBK
999 _c393801
_d393801